All-Time Top Scorer by Club - Championship - Statistics

General Stats
  • This quiz has been taken 3 times
  • The average score is 5 of 24
Answer Stats
Club Goals Scored Appearances Player % Correct
Millwall 138 431 Neil Harris
67%
Preston North End 210 473 Tom Finney
67%
Sunderland 228 290 Bobby Gurney
33%
Huddersfield Town 159 229 George Brown
33%
Middlesbrough 345 453 George Camsell
33%
Luton Town 276 450 Gordon Turner
33%
Sheffield United 201 313 Harry Johnson
33%
Swansea City 166 445 Ivor Allchurch
33%
Birmingham City 267 445 Joe Bradford
33%
Bristol City 351 645 John Atyeo
33%
Stoke City 176 351 John Ritchie
33%
Watford 186 503 Luther Blissett
33%
West Bromwich Albion 279 720 Tony Brown
33%
Wigan Athletic 217* 70* Andy Liddell
0%
Hull City 222 415 Chris Chilton
0%
Coventry City 182 228 Clarrie Bourton
0%
Burnley 188 337 George Beel
0%
Queens Park Rangers 186 243* George Goddard
0%
Rotherham United 130* 358* Gladstone Guest
0%
Blackpool FC 252 373 Jimmy Hampson
0%
Norwich City 132 338 Johnny Gavin
0%
Cardiff City 179 372 Len Davies
0%
Blackburn Rovers 194 570 Simon Garner
0%
Reading 184 362 Trevor Senior
0%
No matching quizzes found
Score Distribution
Percent of People with Each Score
Percentile by Number Answered
Your Score History
You have not taken this quiz